000 01406nam0a2200349 4500
001 RU\NLR\BIBL_A\022289323
005 20260420013104.0
010 _a978-5-17-161513-0
_93000
021 _aRU
_bКН-П-24-036346
_9КН-П-24-3644
035 _a(NLR Aleph) 022289323
090 _a13662124
_c13662124
100 _a20240805d2024 d y0rusy50 ca
101 0 _arus
102 _aRU
105 _aac f 000yy
181 0 _ab3
_bxb2e
181 0 _ai2
_baxxe
182 0 _an
200 1 _aМоя Россия
_e4D энциклопедия-атлас
_eиздание с дополненной реальностью
_eдля среднего и старшего школьного возраста
_fР. В. Макаркин
203 _aИзображение
_aТекст
_bвизуальные
_cнепосредственные
210 _aМосква
_cАСТ, Аванта
_d2024
215 _a63 с.
_cцв. ил., портр.
_d27
225 1 _aСерия "Энциклопедия-атлас"
333 _a6+
607 _aРоссийская Федерация
_jЭнциклопедии для детей
_92081263
_3RU\NLR\AUTH\661257240
686 0 _aШ9
_bД891
700 1 _aМакаркин
_bР. В.
_gРостислав Вячеславович
942 _cBOOK
980 _aNB